| 000 | 00640nam a22001697a 4500 | ||
|---|---|---|---|
| 999 |
_c18105 _d18105 |
||
| 008 | 191204b xxu||||| |||| 00| 0 eng d | ||
| 020 | _a9290593294 | ||
| 040 |
_aKABU _cKABU |
||
| 050 |
_aS599.5 _b.B37 2012 c. 1 |
||
| 100 | _aBarrios, Edmundo | ||
| 245 |
_aInPaC-S: Participartory knowledge integration on indicators of soil quality _bmethodological guide _cEdmundo Barrios, Heitor L.C. Coutinho and Carlos A.B. Medeiros |
||
| 260 |
_aNairobi, Kenya _bWorld Agroforestry Centre (ICRAF) _c2012 |
||
| 300 | _a1 vol. (various paging) | ||
| 700 | _aCoutinho, Heitor L.C. | ||
| 700 | _aMedeiros, Carlos A.B. | ||
| 942 |
_2lcc _cBK _hS599.5 |
||